| 000 | 00718nam a2200193Ia 4500 | ||
|---|---|---|---|
| 003 | GCL | ||
| 008 | 140319s9999 xx 000 0 ara d | ||
| 040 |
_aGCL / _cGCL |
||
| 082 | 0 | 4 |
_a811.72 _bا د |
| 100 | 1 | _aابن الفارض : ابو الحفص عمر بن عمر بن على بن المرشد بن على الحموى المصرى | |
| 245 | 1 | 0 |
_aديوان ابن الفارض / _cابن الفارض : ابو الحفص عمر بن عمر بن على بن المرشد بن على الحموى المصرى |
| 260 |
_a[S.N] : _bمكتبة زهران |
||
| 300 | _a120 ص | ||
| 490 | _a | ||
| 650 | 0 | 4 | _aالشعر العربى |
| 650 | 0 | 4 | _aابن الفارض |
| 650 | 0 | 4 | _aالشعر |
| 942 |
_2ddc _cBK |
||
| 999 |
_c30038 _d30038 |
||